[Event "Berlin Lichtenberger op 14th"]
[Site "Berlin"]
[Date "2015.08.18"]
[Round "4"]
[White "Schmalzried, Volker"]
[Black "Niechotz, Christopher"]
[Result "1-0"]
[WhiteElo "1881"]
[BlackElo "2120"]
[PlyCount "83"]
[EventDate "2015.08.15"]
[EventType "swiss"]
[EventRounds "9"]
[EventCountry "GER"]
[SourceTitle "EXT 2016"]
[Source "ChessBase"]
[SourceDate "2015.10.08"]
[SourceVersion "1"]
[SourceVersionDate "2015.10.08"]
[SourceQuality "1"]

1. c4 e5 2. Nc3 Nc6 3. g3 f5 4. Bg2 Nf6 5. e3 d5 6. cxd5 Nb4 7. d3 Nbxd5 8. Nge2 Nxc3 9. bxc3 Bd6 10. 0-0 0-0 11. d4 c6 12. Qb3+ Kh8 13. Ba3 Bxa3 14. Qxa3 e4 15. c4 Be6 16. Qb4 Qb6 17. Qa4 Qc7 18. Rfd1 Rfd8 19. Rd2 Qf7 20. Rc1 b5 21. cxb5 cxb5 22. Qxb5 Bxa2 23. Qxf5 Be6 24. Qf4 Rac8 25. Rdc2 Rxc2 26. Rxc2 Qh5 27. Bxe4 Nxe4 28. Qxe4 Bd5 29. Rc5 Qf7 30. Qf4 Qb7 31. Qc7 Qa8 32. Nf4 Bf3 33. Ne6 Rg8 34. Ng5 h6 35. Nxf3 Qxf3 36. Qc6 Qd1+ 37. Kg2 Rf8 38. Rc2 a5 39. Ra2 a4 40. Qxa4 Qf3+ 41. Kg1 h5 42. h4 1-0

[Event "Berlin Lichtenberger op 14th"]
[Site "Berlin"]
[Date "2015.08.15"]
[Round "1"]
[White "Niechotz, Christopher"]
[Black "Prix, Siegfried"]
[Result "1-0"]
[WhiteElo "2120"]
[BlackElo "1715"]
[PlyCount "63"]
[EventDate "2015.08.15"]
[EventType "swiss"]
[EventRounds "9"]
[EventCountry "GER"]
[SourceTitle "EXT 2016"]
[Source "ChessBase"]
[SourceDate "2015.10.08"]
[SourceVersion "1"]
[SourceVersionDate "2015.10.08"]
[SourceQuality "1"]

1. c4 e5 2. g3 Nf6 3. Bg2 d5 4. cxd5 Nxd5 5. Nc3 Nb6 6. Nf3 Nc6 7. 0-0 Be7 8. d3 0-0 9. a3 Be6 10. b4 a6 11. Ne4 Qd7 12. Be3 Nd5 13. Bc5 Rad8 14. Rc1 Rfe8 15. Re1 Nf6 16. Bxe7 Qxe7 17. Nxf6+ Qxf6 18. Nd2 Bd5 19. Bxd5 Rxd5 20. Qb3 Red8 21. Ne4 Qf5 22. Qc3 a5 23. Nc5 axb4 24. axb4 Qc8 25. Nxb7 Qxb7 26. Qxc6 Qxb4 27. Qxc7 Qb2 28. Rc2 Qa3 29. Rb1 Qd6 30. Rb7 Qf6 31. Rc6 Qg5 32. Qxf7+ 1-0

[Event "Berlin Werner Ott op"]
[Site "Berlin"]
[Date "2014.07.13"]
[Round "9"]
[White "Acikel, Mert"]
[Black "Niechotz, Christopher"]
[Result "0-1"]
[WhiteElo "1712"]
[BlackElo "2070"]
[PlyCount "52"]
[EventDate "2014.07.05"]
[EventType "swiss"]
[EventRounds "9"]
[EventCountry "GER"]
[SourceTitle "CBM 161 Extra"]
[Source "ChessBase"]
[SourceDate "2014.08.29"]
[SourceVersion "1"]
[SourceVersionDate "2014.08.29"]
[SourceQuality "1"]

1. e4 c5 2. Nf3 d6 3. d4 cxd4 4. Nxd4 Nf6 5. Nc3 Bd7 6. Bg5 Nc6 7. Qd2 Rc8 8. Nxc6 Bxc6 9. f3 a6 10. 0-0-0 e6 11. g4 h6 12. Be3 b5 13. Kb1 Qc7 14. Rg1 Be7 15. Ne2 d5 16. e5 Nd7 17. f4 Nb6 18. Bxb6 Qxb6 19. f5 a5 20. Nf4 Qxg1 21. fxe6 0-0 22. Nxd5 Bxd5 23. Qxd5 Rfd8 24. exf7+ Kf8 25. Qf3 Qf2 26. Qxf2 Rxd1# 0-1

[Event "Berlin Werner Ott op"]
[Site "Berlin"]
[Date "2014.07.09"]
[Round "5"]
[White "Jaeger, Andre"]
[Black "Niechotz, Christopher"]
[Result "1/2-1/2"]
[WhiteElo "1991"]
[BlackElo "2070"]
[PlyCount "42"]
[EventDate "2014.07.05"]
[EventType "swiss"]
[EventRounds "9"]
[EventCountry "GER"]
[SourceTitle "CBM 161 Extra"]
[Source "ChessBase"]
[SourceDate "2014.08.29"]
[SourceVersion "1"]
[SourceVersionDate "2014.08.29"]
[SourceQuality "1"]

1. d4 Nf6 2. c4 g6 3. g3 c6 4. Bg2 d5 5. cxd5 cxd5 6. Nc3 Bg7 7. Nf3 Ne4 8. Qb3 Nxc3 9. bxc3 Nc6 10. Nd2 e6 11. Ba3 Qb6 12. 0-0 Qxb3 13. axb3 b6 14. e4 Ba6 15. Rfe1 0-0-0 16. exd5 exd5 17. Be7 Rd7 18. Bg5 Bb7 19. Nf3 f6 20. Be3 Kd8 21. Bh3 Re7 1/2-1/2

[Event "Berlin qualification op"]
[Site "Berlin"]
[Date "2010.04.10"]
[Round "8"]
[White "Niechotz, Christopher"]
[Black "Voelker, Horst"]
[Result "1-0"]
[WhiteElo "2070"]
[BlackElo "1948"]
[PlyCount "77"]
[EventDate "2010.04.03"]
[EventType "swiss"]
[EventRounds "9"]
[EventCountry "GER"]
[SourceTitle "EXT 2012"]
[Source "ChessBase"]
[SourceDate "2011.11.24"]
[SourceVersion "1"]
[SourceVersionDate "2011.11.24"]
[SourceQuality "1"]

1. Nf3 c5 2. g3 g6 3. Bg2 Bg7 4. 0-0 Nc6 5. c4 e6 6. Nc3 Nge7 7. d3 0-0 8. Bg5 h6 9. Bd2 d5 10. cxd5 Nxd5 11. Rb1 b6 12. a3 Nxc3 13. Bxc3 Bb7 14. Bxg7 Kxg7 15. b4 Qd6 16. Qb3 cxb4 17. axb4 Rab8 18. b5 Na5 19. Qb2+ Kg8 20. Qf6 Qd8 21. Qf4 Kg7 22. Ne5 Bxg2 23. Kxg2 Rc8 24. Rfc1 Qe7 25. h4 h5 26. g4 f6 27. Nf3 hxg4 28. Qxg4 Rfd8 29. h5 g5 30. Qe4 f5 31. h6+ Kh7 32. Qe5 Kxh6 33. Rxc8 Rxc8 34. Rh1+ Kg6 35. Qh2 Qg7 36. Qd6 Re8 37. Ne5+ Kf6 38. Qd4 Ke7 39. Rh7 1-0

[Event "Berlin op 07"]
[Site "Berlin"]
[Date "2009.07.21"]
[Round "4"]
[White "Pflantz, Mike"]
[Black "Niechotz, Christopher"]
[Result "1/2-1/2"]
[WhiteElo "2184"]
[BlackElo "2082"]
[PlyCount "64"]
[EventDate "2009.07.18"]
[EventType "swiss"]
[EventRounds "9"]
[EventCountry "GER"]
[SourceTitle "CBM 131 Extra"]
[Source "ChessBase"]
[SourceDate "2009.09.03"]
[SourceVersion "2"]
[SourceVersionDate "2009.09.16"]
[SourceQuality "1"]

1. d4 Nf6 2. c4 e6 3. Nc3 c5 4. d5 exd5 5. cxd5 d6 6. e4 g6 7. f4 Bg7 8. Bb5+ Nfd7 9. a4 a6 10. Bd3 Qh4+ 11. g3 Qe7 12. Kf2 0-0 13. Nf3 Nf6 14. h3 Nbd7 15. Kg2 c4 16. Bc2 Nc5 17. e5 Nfd7 18. Re1 dxe5 19. d6 Qd8 20. fxe5 Re8 21. Nd5 Rxe5 22. Nxe5 Nxe5 23. Ne7+ Kh8 24. Nxc8 Rxc8 25. Qd5 Qf6 26. Rf1 Qe6 27. Qxe6 Nxe6 28. Bf4 Kg8 29. Rad1 Rd8 30. Rfe1 Nc6 31. Be4 Nxf4+ 32. gxf4 Bxb2 1/2-1/2

[Event "Berlin qualification op"]
[Site "Berlin"]
[Date "2009.04.17"]
[Round "7"]
[White "Hahlbohm, Matthias"]
[Black "Niechotz, Christopher"]
[Result "1-0"]
[WhiteElo "2082"]
[BlackElo "1912"]
[PlyCount "63"]
[EventDate "2009.04.11"]
[EventType "swiss"]
[EventRounds "9"]
[EventCountry "GER"]
[SourceTitle "EXT 2012"]
[Source "ChessBase"]
[SourceDate "2011.11.24"]
[SourceVersion "1"]
[SourceVersionDate "2011.11.24"]
[SourceQuality "1"]

1. e4 c5 2. Nf3 d6 3. d4 cxd4 4. Nxd4 Nf6 5. Nc3 Bd7 6. Be2 g6 7. Be3 Bg7 8. f3 Nc6 9. Qd2 a6 10. 0-0-0 b5 11. Nxc6 Bxc6 12. Bh6 0-0 13. Bxg7 Kxg7 14. g4 h6 15. h4 Rh8 16. Qd4 b4 17. Qxb4 Rb8 18. Qa3 Qb6 19. Nd5 Bxd5 20. exd5 Rhc8 21. Rd2 Rc5 22. g5 Nxd5 23. gxh6+ Kh7 24. Bc4 Nf4 25. Bxf7 e6 26. h5 gxh5 27. b3 Qc7 28. Qxa6 Rb6 29. Qa8 Qxf7 30. Rg1 Ng6 31. Rdg2 Qf4+ 32. Kb1 1-0

[Event "Berlin op 04"]
[Site "Berlin"]
[Date "2006.04.20"]
[Round "6"]
[White "Boettcher, Patrick"]
[Black "Niechotz, Christopher"]
[Result "1-0"]
[WhiteElo "2062"]
[BlackElo "1918"]
[PlyCount "61"]
[EventDate "2006.04.14"]
[EventType "swiss"]
[EventRounds "9"]
[EventCountry "GER"]
[SourceTitle "EXT 2007"]
[Source "ChessBase"]
[SourceDate "2006.11.23"]
[SourceVersion "1"]
[SourceVersionDate "2006.11.23"]
[SourceQuality "1"]

1. e4 c5 2. Nf3 d6 3. d4 cxd4 4. Nxd4 Nf6 5. Nc3 Nc6 6. Bc4 Bd7 7. Bb3 Rc8 8. Bg5 a6 9. Bxf6 gxf6 10. Nf5 Ne5 11. Qd4 Qc7 12. Ne3 e6 13. f4 Ng6 14. Ng4 Bg7 15. Nxf6+ Kf8 16. Nxd7+ Qxd7 17. e5 Qc6 18. Qxd6+ Qxd6 19. exd6 Rxc3 20. bxc3 Bxc3+ 21. Kf2 Bxa1 22. Rxa1 Nxf4 23. Kf3 Nh5 24. c4 Ke8 25. Ba4+ Kd8 26. Ke4 Nf6+ 27. Kd4 Nd7 28. Rb1 e5+ 29. Kd5 b5 30. cxb5 Nb6+ 31. Kc6 1-0

[Event "Berlin op 08"]
[Site "Berlin"]
[Date "2002.08.23"]
[Round "7"]
[White "Niechotz, Christopher"]
[Black "Schulz, Volker"]
[Result "0-1"]
[WhiteElo "1972"]
[BlackElo "2145"]
[PlyCount "60"]
[EventDate "2002.08.17"]
[EventType "swiss"]
[EventRounds "9"]
[EventCountry "GER"]
[SourceTitle "EXT 2007"]
[Source "ChessBase"]
[SourceDate "2006.11.23"]
[SourceVersion "1"]
[SourceVersionDate "2006.11.23"]
[SourceQuality "1"]

1. Nf3 g6 2. d4 Bg7 3. c4 Nf6 4. Nc3 0-0 5. e4 d6 6. Be2 c6 7. 0-0 Qc7 8. h3 e5 9. d5 Ne8 10. Bd2 a5 11. a3 Na6 12. b4 f5 13. exf5 Bxf5 14. Qb3 Kh8 15. Ng5 Nf6 16. Rad1 axb4 17. axb4 Qe7 18. Bf3 c5 19. b5 Nc7 20. Nce4 Nxe4 21. Bxe4 h6 22. Bxf5 gxf5 23. b6 Nxd5 24. cxd5 hxg5 25. Ra1 e4 26. Bc3 Bxc3 27. Qxc3+ Qg7 28. Qxg7+ Kxg7 29. Rfb1 Rxa1 30. Rxa1 Kf6 0-1

[Event "Berlin op 08"]
[Site "Berlin"]
[Date "2002.08.17"]
[Round "1"]
[White "Niechotz, Christopher"]
[Black "Mirea, Jakob"]
[Result "1-0"]
[WhiteElo "1972"]
[BlackElo "1099"]
[PlyCount "39"]
[EventDate "2002.08.17"]
[EventType "swiss"]
[EventRounds "9"]
[EventCountry "GER"]
[SourceTitle "EXT 2007"]
[Source "ChessBase"]
[SourceDate "2006.11.23"]
[SourceVersion "1"]
[SourceVersionDate "2006.11.23"]
[SourceQuality "1"]

1. Nf3 d5 2. c4 Nf6 3. d4 Bf5 4. Nc3 e6 5. Qb3 b6 6. Bg5 dxc4 7. Qxc4 c5 8. e4 Bg4 9. Ne5 Bh5 10. Qa4+ Ke7 11. f3 Qxd4 12. Nc6+ Nxc6 13. Qxc6 Rd8 14. Rd1 Rd6 15. Qc7+ Rd7 16. Qb8 Rd8 17. Qxa7+ Rd7 18. Qb8 Qb4 19. Rxd7+ Kxd7 20. Bb5+ 1-0